State mental hospitals : (Record no. 1112)

MARC details
000 -LEADER
fixed length control field 01010nam a2200289 a 4500
005 - DATE AND TIME OF LATEST TRANSACTION
control field 20260322212047.0
008 - FIXED-LENGTH DATA ELEMENTS--GENERAL INFORMATION
fixed length control field data
010 ## - LIBRARY OF CONGRESS CONTROL NUMBER
LC control number 76021706
020 ## - INTERNATIONAL STANDARD BOOK NUMBER
International Standard Book Number 0306308975 :
Terms of availability {dollar}19.50
020 ## - INTERNATIONAL STANDARD BOOK NUMBER
International Standard Book Number 9780306308970 :
Terms of availability {dollar}19.50
050 0# - LIBRARY OF CONGRESS CALL NUMBER
Classification number RC439
Item number .S78
060 ## - NATIONAL LIBRARY OF MEDICINE CALL NUMBER
Classification number WM27 AA1 S78
096 ## - LOCALLY ASSIGNED NLM-TYPE CALL NUMBER (OCLC)
Classification number WM 27 Ah52s 1976
001 - CONTROL NUMBER
control field data
245 00 - TITLE STATEMENT
Title State mental hospitals :
Remainder of title what happens when they close.
Statement of responsibility, etc. edited by Paul I. Ahmed & Stanley C. Plog.
260 ## - PUBLICATION, DISTRIBUTION, ETC.
Place of publication, distribution, etc. New York :
Name of publisher, distributor, etc. Plenum Medical Book Co.,
Date of publication, distribution, etc. c1976.
300 ## - PHYSICAL DESCRIPTION
Extent xiv, 219 p. ;
Dimensions 24 cm.
490 0# - SERIES STATEMENT
Series statement Current topics in mental health
504 ## - BIBLIOGRAPHY, ETC. NOTE
Bibliography, etc. note Includes bibliographical references and index.
590 ## - LOCAL NOTE (RLIN)
Local note Includes bibliographical references and index.
650 #0 - SUBJECT ADDED ENTRY--TOPICAL TERM
Topical term or geographic name entry element Psychiatric hospitals.
650 #0 - SUBJECT ADDED ENTRY--TOPICAL TERM
Topical term or geographic name entry element Community mental health services.
650 #2 - SUBJECT ADDED ENTRY--TOPICAL TERM
Topical term or geographic name entry element Hospitals, Psychiatric
General subdivision supply & distribution
Geographic subdivision United States.
650 #2 - SUBJECT ADDED ENTRY--TOPICAL TERM
Topical term or geographic name entry element Community Mental Health Services
Geographic subdivision United States.
700 1# - ADDED ENTRY--PERSONAL NAME
Personal name Ahmed, Paul I.
700 1# - ADDED ENTRY--PERSONAL NAME
Personal name Plog, Stanley C.
Holdings
Withdrawn status Lost status Damaged status Not for loan Home library Current library Shelving location Date acquired Total checkouts Full call number Barcode Date last seen Price effective from Koha item type
        Riverside Riverside General stacks 22/03/2026   RC439 .S78 BC0011148 22/03/2026 22/03/2026 Books